Southville International School and Colleges
Your cart is empty.
  • Cart
  • Lists
    Public lists Eva Luna New books Lux_list list_1
    Your lists Log in to create your own lists
  • Log in to your account
  • Your cookies
  • Search history
Southville International School and Colleges
  • Advanced search
  • Recent comments
  • Most popular
  • Libraries

Log in to your account

Log in with GOOGLE


If you do not have an external account, but do have a local account, you can still log in:

  1. Home
  2. MARC view: Inferno
Normal view MARC view ISBD view

Inferno (Record no. 367765)

[ view plain ]
MARC details
000 -LEADER
fixed length control field 00732nam a22002417a 4500
003 - CONTROL NUMBER IDENTIFIER
control field 0
005 - DATE AND TIME OF LATEST TRANSACTION
control field 20250903151647.0
008 - FIXED-LENGTH DATA ELEMENTS--GENERAL INFORMATION
fixed length control field 250903b xxu||||| |||| 00| 0 eng d
020 ## - INTERNATIONAL STANDARD BOOK NUMBER
International Standard Book Number 978-0-00-790209-5
050 ## - LIBRARY OF CONGRESS CALL NUMBER
Classification number PQ 4315.2
Item number .Al411 2011
100 ## - MAIN ENTRY--PERSONAL NAME
Personal name Alighieri, Dante,
Relator term author.
245 ## - TITLE STATEMENT
Title Inferno
Statement of responsibility, etc Dante Alighieri.
260 ## - PUBLICATION, DISTRIBUTION, ETC. (IMPRINT)
Place of publication, distribution, etc London, United Kingdom.
Name of publisher, distributor, etc Harper Press.
Date of publication, distribution, etc 2011.
300 ## - PHYSICAL DESCRIPTION
Extent 238 pages :
Dimensions 18 cm.
500 ## - GENERAL NOTE
General note Includes classic literature: words and phrases.
650 ## - SUBJECT ADDED ENTRY--TOPICAL TERM
Topical term or geographic name as entry element Dante Alighieri, 1265-1321.
650 ## - SUBJECT ADDED ENTRY--TOPICAL TERM
Topical term or geographic name as entry element Hell
Form subdivision Poetry.
650 ## - SUBJECT ADDED ENTRY--TOPICAL TERM
Topical term or geographic name as entry element Epic poetry, Italian.
650 ## - SUBJECT ADDED ENTRY--TOPICAL TERM
Topical term or geographic name as entry element Christian poetry, Italian.
650 ## - SUBJECT ADDED ENTRY--TOPICAL TERM
Topical term or geographic name as entry element Italian poetry
Chronological subdivision to 1400.
650 ## - SUBJECT ADDED ENTRY--TOPICAL TERM
Topical term or geographic name as entry element Virgil
General subdivision in literature.
942 ## - ADDED ENTRY ELEMENTS (KOHA)
Source of classification or shelving scheme Library of Congress Classification
Koha item type Books
Holdings
Withdrawn status Lost status Source of classification or shelving scheme Damaged status Home library Current library Shelving location Date acquired Source of acquisition Sub Shelving location Total Checkouts Full call number Barcode Date last seen Price effective from Koha item type
    Library of Congress Classification   Luxembourg Library Luxembourg Library Classic Section 11/19/2024 Library Fund     PQ 4315.2 .Al411 2011 21453 09/03/2025 09/03/2025 Books

Inferno

APA

Alighieri D., . (2011). Inferno. London, United Kingdom: Harper Press.

Chicago

Alighieri Dante, . 2011. Inferno. London, United Kingdom: Harper Press.

Harvard

Alighieri D., . (2011). Inferno. London, United Kingdom: Harper Press.

MLA

Alighieri Dante, . Inferno. London, United Kingdom: Harper Press. 2011.

  • Place hold
  • Print
  • Cite
  • Add to your cart (remove)
  • Save record
    BIBTEX Dublin Core MARCXML MARC (non-Unicode/MARC-8) MARC (Unicode/UTF-8) MARC (Unicode/UTF-8, Standard) MODS (XML) RIS
  • More searches
    Search for this title in:
    Other Libraries (WorldCat) Other Databases (Google Scholar) Online Stores (Bookfinder.com) Open Library (openlibrary.org)

Exporting to Dublin Core...

SOUTHVILLE LIBRARY

Southville International School and Colleges Library

1281 Tropical Ave. Cor. Luxembourg St., BF Homes International, Las Pinas City

Tel. No. 8256374 / 252358 Loc. 117/146

Powered by Koha